The love report / (Record no. 386737)
[ view plain ]
| 000 -LEADER | |
|---|---|
| fixed length control field | 02018cam a22004097i 4500 |
| 001 - CONTROL NUMBER | |
| control field | 1380457143 |
| 003 - CONTROL NUMBER IDENTIFIER | |
| control field | OCoLC |
| 005 - DATE AND TIME OF LATEST TRANSACTION | |
| control field | 20230807131619.0 |
| 008 - FIXED-LENGTH DATA ELEMENTS--GENERAL INFORMATION | |
| fixed length control field | 230523t20232023nyua 000 0 eng d |
| 020 ## - INTERNATIONAL STANDARD BOOK NUMBER | |
| International Standard Book Number | 9781662640414 |
| Qualifying information | (pb) |
| 020 ## - INTERNATIONAL STANDARD BOOK NUMBER | |
| International Standard Book Number | 1662640412 |
| Qualifying information | (pb) |
| 020 ## - INTERNATIONAL STANDARD BOOK NUMBER | |
| International Standard Book Number | 9781662640407 |
| Qualifying information | (hc) |
| 020 ## - INTERNATIONAL STANDARD BOOK NUMBER | |
| International Standard Book Number | 1662640404 |
| Qualifying information | (hc) |
| 035 ## - SYSTEM CONTROL NUMBER | |
| System control number | (OCoLC)1380457143 |
| 040 ## - CATALOGING SOURCE | |
| Original cataloging agency | AU@ |
| Language of cataloging | eng |
| Transcribing agency | AU@ |
| Modifying agency | GZD |
| Description conventions | rda |
| 092 ## - LOCALLY ASSIGNED DEWEY CALL NUMBER (OCLC) | |
| Classification number | junior graphic |
| Item number | Beka |
| 100 0# - MAIN ENTRY--PERSONAL NAME | |
| Personal name | Beka, |
| Relator term | author. |
| 9 (RLIN) | 6471655 |
| 245 14 - TITLE STATEMENT | |
| Title | The love report / |
| Statement of responsibility, etc | Beka & Maya. |
| Medium | [graphic novel] |
| 264 #1 - Production, Publication, Distribution, Manufacture, and Copyright Notice. | |
| Place of production, publication, distribution, manufacture | [New York, NY] : |
| Name of producer, publisher, distributor, manufacturer | Hippo Park, an imprint of Astra Books for Young Readers, |
| Date of production, publication, distribution, manufacture, or copyr | 2023. |
| 264 #4 - Production, Publication, Distribution, Manufacture, and Copyright Notice. | |
| Date of production, publication, distribution, manufacture, or copyr | ♭2023. |
| 300 ## - PHYSICAL DESCRIPTION | |
| Extent | 186 pages : |
| Other physical details | chiefly color illustrations ; |
| Dimensions | 21 cm. |
| 336 ## - Content Type | |
| Content type term | text |
| 336 ## - Content Type | |
| Content type term | still image |
| 337 ## - Media type | |
| Media type term | unmediated |
| 338 ## - Carrier type | |
| Carrier type term | volume |
| 520 ## - SUMMARY, ETC. | |
| Summary, etc | "BFFs Grace and Lola talk about everything related to romance--and have lots of questions: What about the mysterious allure of the popular girl at school? And the rebellious goth with the reputation? And boys. They don't quite understand what makes some school romances soar to legendary heights, while other flirtations fizzle. Lola has an idea--they'll observe, study, and analyze all the couples at their Junior High--and compile their findings as The Love Report. Surprises await them, and force them to learn to see beyond appearances in this fast-paced series opener. They'll also discover secrets between themselves."-- |
| 521 1# - TARGET AUDIENCE NOTE | |
| Target audience note | 10-13 years. |
| 521 2# - TARGET AUDIENCE NOTE | |
| Target audience note | Grades 5-6. |
| 650 #0 - SUBJECT ADDED ENTRY--TOPICAL TERM | |
| Topical term or geographic name as entry element | Middle school girls |
| Form subdivision | Comic books, strips, etc. |
| 9 (RLIN) | 6471656 |
| 650 #0 - SUBJECT ADDED ENTRY--TOPICAL TERM | |
| Topical term or geographic name as entry element | Students |
| Form subdivision | Comic books, strips, etc. |
| 9 (RLIN) | 6355594 |
| 650 #0 - SUBJECT ADDED ENTRY--TOPICAL TERM | |
| Topical term or geographic name as entry element | Dating (Social customs) |
| Form subdivision | Comic books, strips, etc. |
| 9 (RLIN) | 5742276 |
| 655 #7 - INDEX TERM--GENRE/FORM | |
| Genre/form data or focus term | School comics. |
| Source of term | lcgft. |
| 9 (RLIN) | 6423966 |
| 655 #7 - INDEX TERM--GENRE/FORM | |
| Genre/form data or focus term | Romance comics. |
| Source of term | lcgft. |
| 9 (RLIN) | 5802165 |
| 655 #7 - INDEX TERM--GENRE/FORM | |
| Genre/form data or focus term | Graphic novels. |
| Source of term | lcgft. |
| 700 0# - ADDED ENTRY--PERSONAL NAME | |
| Personal name | Maya |
| Titles and other words associated with a name | (Manga artist), |
| Relator term | artist. |
| 9 (RLIN) | 6471657 |
| 942 ## - ADDED ENTRY ELEMENTS (KOHA) | |
| Source of classification or shelving scheme | Dewey Decimal Classification |
| Koha item type | BOOK |
| Withdrawn status | Lost status | Source of classification or shelving scheme | Damaged status | Not for loan | Collection code | Home library | Current library | Shelving location | Date acquired | Source of acquisition | Total Checkouts | Total Renewals | Full call number | Barcode | Checked out | Date last seen | Date checked out | Cost, replacement price | Price effective from | Koha item type |
|---|---|---|---|---|---|---|---|---|---|---|---|---|---|---|---|---|---|---|---|---|
| Dewey Decimal Classification | Junior Graphic Novels | Wasatch County Library | Wasatch County Library | First Floor | 08/07/2023 | Micromarketing | 26 | 19 | J GN Beka | 34301002035832 | 05/02/2026 | 03/06/2026 | 03/06/2026 | 19.99 | 08/07/2023 | BOOK |
